000 00587cam a22002173a 4500
001 39541
003 PGUSA
005 20140828083858.0
008 120426s2012||||xxu|||||s|||||000 | eng d
040 _aPGUSA
_beng
042 _adc
100 1 _aSerao, Matilde,
_d1856-1927
245 1 0 _aDonna Paola
_h[electronic resource] /
_cMatilde Serao
260 _bProject Gutenberg,
_c2012
506 _aPublic domain in the USA.
516 _aElectronic text
700 1 _aTerzi, A.
830 0 _aProject Gutenberg
_v39541
856 4 0 _uhttp://www.gutenberg.org/ebooks/39541
942 _cEB
999 _c268794
_d268794